000 00315nam a2200133Ia 4500
008 191201s2010 xx 000 0 und d
100 _aPOWERS,John
245 0 _aIntroduction to Fiber Optic Systems
250 _a2nd
260 _aN. Delhi
_bTMH
_c2010
300 _a340
650 _aM.Tech (ECE)
942 _2ddc
_cBK
999 _c5083
_d5083